000 00487nam a22001817a 4500
005 20251209112525.0
008 210218b ||||| |||| 00| 0 eng d
020 _a978-1-4641-2611-6
041 _aeng
082 _a615.19 NEL-P
100 _aNELSON, DAVID .L AND COX, MICHAEL M.
_96363
245 _aPRINCIPLES OF BIOCHEMISTRY
250 _a7TH ED.
260 _aNEW YORK
_bMcMILLAN EDUCATION
300 _aI-45 P,
650 _aPHARMACY/PARAMEDICAL
_xBMIRT
_98852
942 _cBK
999 _c7453
_d7451